Vista normal Vista MARC

Entrada Topical Term

Número de registros utilizados en: 1

001 - CONTROL NUMBER

  • control field: 37631

003 - CONTROL NUMBER IDENTIFIER

  • control field: OSt

005 - DATE AND TIME OF LATEST TRANSACTION

  • control field: 20210514105831.0

008 - FIXED-LENGTH DATA ELEMENTS

  • fixed length control field: 210514|| aca||aabn | a|a d

040 ## - CATALOGING SOURCE

  • Original cataloging agency: OSt
  • Transcribing agency: OSt

150 ## - HEADING--TOPICAL TERM

  • Topical term or geographic name entry element: Economía

670 ## - SOURCE DATA FOUND

  • Source citation: Work cat.: (OSt)7841: Marx, Karl, 6329 autor, Contribución a la crítica de la economía política / , 1973